The criminology of Carlo Morselli II
| VerfasserInnen: | ; |
|---|---|
| Medienart: | Elektronisch Aufsatz |
| Sprache: | Englisch |
| Veröffentlicht: |
2022
|
| In: |
Global crime
Jahr: 2022, Band: 23, Heft: 2, Seiten: 123-125 |
| Online-Zugang: |
Vermutlich kostenfreier Zugang Volltext (lizenzpflichtig) Volltext (lizenzpflichtig) |
| Verfügbarkeit prüfen: | HBZ Gateway |
| Schlagwörter: |
MARC
| LEADER | 00000caa a22000002c 4500 | ||
|---|---|---|---|
| 001 | 1837027382 | ||
| 003 | DE-627 | ||
| 005 | 20231107100931.0 | ||
| 007 | cr uuu---uuuuu | ||
| 008 | 230217s2022 xx |||||o 00| ||eng c | ||
| 024 | 7 | |a 10.1080/17440572.2022.2087956 |2 doi | |
| 035 | |a (DE-627)1837027382 | ||
| 035 | |a (DE-599)KXP1837027382 | ||
| 040 | |a DE-627 |b ger |c DE-627 |e rda | ||
| 041 | |a eng | ||
| 084 | |a 2,1 |2 ssgn | ||
| 100 | 1 | |a Décary-Hétu, David |e VerfasserIn |0 (DE-588)115973495X |0 (DE-627)1022416456 |0 (DE-576)370580982 |4 aut | |
| 109 | |a Décary-Hétu, David |a Hétu, David Décary- | ||
| 245 | 1 | 4 | |a The criminology of Carlo Morselli II |c David Décary-Hétu and Rémi Boivin |
| 264 | 1 | |c 2022 | |
| 336 | |a Text |b txt |2 rdacontent | ||
| 337 | |a Computermedien |b c |2 rdamedia | ||
| 338 | |a Online-Ressource |b cr |2 rdacarrier | ||
| 650 | 4 | |a Kriminologe | |
| 650 | 4 | |a Lebenswerk | |
| 700 | 1 | |a Boivin, Rémi |e VerfasserIn |0 (DE-588)1100723412 |0 (DE-627)859517470 |0 (DE-576)401190668 |4 aut | |
| 773 | 0 | 8 | |i Enthalten in |t Global crime |d London [u.a.] : Taylor & Francis, 2004 |g 23(2022), 2, Seite 123-125 |h Online-Ressource |w (DE-627)477987338 |w (DE-600)2174455-5 |w (DE-576)258360380 |x 1744-0580 |7 nnas |
| 773 | 1 | 8 | |g volume:23 |g year:2022 |g number:2 |g pages:123-125 |
| 856 | |u https://www.tandfonline.com/doi/pdf/10.1080/17440572.2022.2087956?needAccess=true |x unpaywall |z Vermutlich kostenfreier Zugang |h publisher [open (via free pdf)] | ||
| 856 | 4 | 0 | |u https://doi.org/10.1080/17440572.2022.2087956 |x Resolving-System |z lizenzpflichtig |3 Volltext |7 1 |
| 856 | 4 | 0 | |u https://www.tandfonline.com/doi/full/10.1080/17440572.2022.2087956 |x Verlag |z lizenzpflichtig |3 Volltext |7 1 |
| 951 | |a AR | ||
| ELC | |a 1 | ||
| LOK | |0 000 xxxxxcx a22 zn 4500 | ||
| LOK | |0 001 4273971348 | ||
| LOK | |0 003 DE-627 | ||
| LOK | |0 004 1837027382 | ||
| LOK | |0 005 20230815113819 | ||
| LOK | |0 008 230217||||||||||||||||ger||||||| | ||
| LOK | |0 040 |a DE-21-110 |c DE-627 |d DE-21-110 | ||
| LOK | |0 092 |o n | ||
| LOK | |0 852 |a DE-21-110 | ||
| LOK | |0 852 1 |9 00 | ||
| LOK | |0 935 |a krzo | ||
| LOK | |0 939 |a 17-02-23 |b l01 | ||
| OAS | |a 1 | ||
| ORI | |a SA-MARC-krimdoka001.raw | ||
